| 000 | 00330nam a2200097Ia 4500 | ||
|---|---|---|---|
| 008 | 220120s9999||||xx |||||||||||||| ||und|| | ||
| 100 |
_aAshwitha, Neha, Poovamma and Rajeswari _912487 |
||
| 245 | 0 | _aTilt control based moving robot | |
| 260 |
_aCoorg Institute of Technology _bPonnampet _c2014 |
||
| 650 | _aELECTRONICS AND COMMUNICATIONS | ||
| 999 |
_c138074 _d138074 |
||